书目信息 |
| 题名: |
俾斯麦
|
|
| 作者: | ;皮波人物国际名人研究中心 编著 | |
| 分册: | ||
| 出版信息: | 北京 国际文化出版公司 2012 |
|
| 页数: | 148页 | |
| 开本: | 23cm | |
| 丛书名: | 名人传记丛书 | |
| 单 册: | ||
| 中图分类: | K835.167=43 , K835.167 | |
| 科图分类: | ||
| 主题词: | ||
| 电子资源: | ||
| ISBN: | 978-7-5125-0378-6 | |
| 000 | 00890nam0 2200277 450 | |
| 001 | 2375289162 | |
| 005 | 20231215204236.79 | |
| 010 | @a978-7-5125-0378-6@dCNY 23.70 | |
| 090 | @aK835.167@bpbr | |
| 096 | @aK835.16@bpbr | |
| 100 | @a20130107d2012 cemy0chiy0120 ea | |
| 101 | 0 | @achi |
| 102 | @aCN@b110000 | |
| 105 | @aa z 000yb | |
| 200 | 1 | @a俾斯麦@b专著@dOtto von Bismarck@f皮波人物国际名人研究中心编著@zeng@Abi si mai |
| 210 | @a北京@c国际文化出版公司@d2012 | |
| 215 | @a148页@c图@d23cm | |
| 225 | 1 | @a名人传记丛书 |
| 510 | 1 | @aOtto Von Bismarck@zeng |
| 600 | 0 | @a俾斯麦@c(Bismarck, Otto@f1815-1898)@x传记 |
| 600 | 0 | @a俾斯麦@c(Bismarck, Otto@f1815-1898) |
| 690 | @aK835.167=43@v5 | |
| 690 | @aK835.167@v4 | |
| 711 | 02 | @a皮波人物国际名人研究中心@4编著@Api bo ren wu guo ji ming ren yan jiu zhong xin |
| 801 | 2 | @aCN@b辽宁北配@c20231205 |
| 905 | @aZUCC@dK835.167@e20 | |
| 俾斯麦=Otto von Bismarck/皮波人物国际名人研究中心编著.-北京:国际文化出版公司,2012 |
| 148页:图;23cm.-(名人传记丛书) |
| ISBN 978-7-5125-0378-6:CNY 23.70 |
| ● |
| 相关链接 |
|
|
|
正题名:俾斯麦
索取号:K835.167/20
 
预约/预借
| 序号 | 登录号 | 条形码 | 馆藏地/架位号 | 状态 | 备注 |
| 1 | 2001514198 | 2001514198 | 第四书库/四19架B面2层3列/ [索取号:K835.167/20] | 在馆 | |
| 2 | 2001514199 | 2001514199 | 第四书库/四19架B面2层3列/ [索取号:K835.167/20] | 在馆 | |
| 3 | 2001514200 | 2001514200 | 第四书库/四19架B面2层3列/ [索取号:K835.167/20] | 在馆 | |
| 4 | 2001514201 | 2001514201 | 第四书库/四19架B面2层3列/ [索取号:K835.167/20] | 在馆 | |
| 5 | 2001514202 | 2001514202 | 第四书库/四19架B面2层3列/ [索取号:K835.167/20] | 在馆 | |
| 6 | 2001514203 | 2001514203 | 第四书库/四19架B面2层3列/ [索取号:K835.167/20] | 在馆 | |
| 7 | 2001514204 | 2001514204 | 第四书库/四19架B面2层3列/ [索取号:K835.167/20] | 在馆 | |
| 8 | 2001514205 | 2001514205 | 第四书库/四19架B面2层3列/ [索取号:K835.167/20] | 在馆 | |
| 9 | 2001514206 | 2001514206 | 509书库/ [索取号:K835.167/20] | 在馆 | |
| 10 | 2001514207 | 2001514207 | 509书库/ [索取号:K835.167/20] | 在馆 | |
| 11 | 2001514208 | 2001514208 | 共建书房-教育学院/ [索取号:K835.167/20] | 在馆 | |
| 12 | 2001514209 | 2001514209 | 共建书房-教育学院/ [索取号:K835.167/20] | 在馆 | |
| 13 | 2001514210 | 2001514210 | 共建书房-教育学院/ [索取号:K835.167/20] | 在馆 | |
| 14 | 2001514211 | 2001514211 | 509书库/ [索取号:K835.167/20] | 在馆 | |
| 15 | 2001514212 | 2001514212 | 第四书库/四19架B面2层3列/ [索取号:K835.167/20] | 在馆 | |
| 16 | 2001514213 | 2001514213 | 第四书库/四19架B面2层3列/ [索取号:K835.167/20] | 在馆 | |
| 17 | 2001514214 | 2001514214 | 315书库/ [索取号:K835.167/20] | 在馆 | |
| 18 | 2001514215 | 2001514215 | 315书库/ [索取号:K835.167/20] | 在馆 | |
| 19 | 2001514216 | 2001514216 | 第四书库/四19架B面2层3列/ [索取号:K835.167/20] | 在馆 | |
| 20 | 2001514217 | 2001514217 | 第四书库/四19架B面2层3列/ [索取号:K835.167/20] | 在馆 | |
| 21 | 2001514218 | 2001514218 | 第四书库/四19架B面2层3列/ [索取号:K835.167/20] | 在馆 | |
| 22 | 2001514219 | 2001514219 | 315书库/ [索取号:K835.167/20] | 在馆 | |
| 23 | 2001514220 | 2001514220 | 315书库/ [索取号:K835.167/20] | 在馆 | |
| 24 | 2001514221 | 2001514221 | 第四书库/四19架B面2层3列/ [索取号:K835.167/20] | 在馆 | |
| 25 | 2001514222 | 2001514222 | 第四书库/四19架B面2层3列/ [索取号:K835.167/20] | 在馆 | |
| 26 | 2001514223 | 2001514223 | 第四书库/四19架B面2层3列/ [索取号:K835.167/20] | 在馆 | |
| 27 | 2001514224 | 2001514224 | 315书库/ [索取号:K835.167/20] | 在馆 | |
| 28 | 2001514225 | 2001514225 | 第四书库/四19架B面2层3列/ [索取号:K835.167/20] | 在馆 | |
| 29 | 2001514226 | 2001514226 | 第四书库/四19架B面2层3列/ [索取号:K835.167/20] | 在馆 | |
| 30 | 2001514227 | 2001514227 | 315书库/ [索取号:K835.167/20] | 在馆 |